01794cam a2200337Mu 450000500170000000800410001701000170005802000180007502000150009302000180010803500210012604000500014710000230019724501180022026000680033830000180040649000380042450100310046250100450049350100380053850100780057650100710065450100840072550100580080950100170086750504080088465000390129265000400133165000590137165300260143020171115095401.0171115s2016 xxu r 000 0 eng d a 2015044525 a9780226261140 a022626114X a9780226261287 a(OCoLC)944075728 aCO-BoUCMbspacSandra PalaciodSandra Palacio1 aMerry, Sally Engle14aThe seductions of quantificationbmeasuring human rights, gender violence, and sex traffickingcSally Engle Merry aChicago (Estados Unidos)bThe University of Chicago Pressc2016 a249 páginas0 aChicago series in law and society aA world of quantification. aIndicators as a technology of knowledge. aMeasuring violence against women. aCategorizing violence against women: the cultural work of commensuration. aMeasuring the unmeasurable: the US Trafficking in Persons Reports. aKnowledge effects and governance effects of the Trafficking in Persons Reports. aHuman rights indicators: translating law into policy. aConclusions.0 aA world of quantification -- Indicators as a technology of knowledge -- Measuring violence against women -- Categorizing violence against women: the cultural work of commensuration -- Measuring the unmeasurable: the US Trafficking in Persons Reports -- Knowledge effects and governance effects of the Trafficking in Persons Reports -- Human rights indicators: translating law into policy -- Conclusions.10aMujeresxViolenciazEstados Unidos27aMujeresxViolenciaxInvestigaciones27aTráfico de personasxInvestigaciónzEstados Unidos aTráfico de personas